LEADER 01576nam 2200541u 450 001 9910717486303321 005 20170509061554.8 035 $a(CKB)4920000001897995 035 $a(UkMbAM-D)E-AMD00057982 035 $a(EXLCZ)994920000001897995 100 $a20240129c1979uuuu -u- - 101 0 $aeng 135 $aur|n|---uuuuu 181 $2rdacontent 182 $2rdamedia 183 $2rdacarrier 200 00$aAlgeria: annual review for 1978 210 $aWashington, D.C$cNear Eastern and African Law Division, Law Library, Library of Congress 215 $a1 online resource 300 $aAMDigital Reference: FCO 93/1847. 610 5$aAlgeria 610 5$aAlgiers 610 5$aBaghdad 610 5$aCamp David 610 5$aCyprus 610 5$aFrance 610 5$aItaly 610 5$aLibya 610 5$aLondon 610 5$aMoscow 610 5$aParis 610 5$aTripoli 610 5$aUnited Kingdom 610 5$aUnited States 610 5$aMiddle East 610 1$aBoumediene, Houari 610 1$aBurroughs, Ronald 610 1$aFaber, Richard 610 1$aGaddafi, Muammar 610 1$aGiven, Edward 610 1$aOwen, David 610 0$aannual review; Arabs; arms; assassination; ceasefire; commercial; coup d'etat; education; election; gas; independence; pipeline; RAF; resistance; revolution; state visit; The Six; trade; weapons 801 0$bUkMbAM-D 801 1$bStDuBDS 906 $aBOOK 912 $a9910717486303321 996 $aAlgeria: annual review for 1978$93873830 997 $aUNINA LEADER 02601nas 2200529 n 450 001 990008895480403321 005 20240229084542.0 011 $a0003-424X 035 $a000889548 035 $aFED01000889548 035 $a(Aleph)000889548FED01 035 $a000889548 091 $2CNR$aP 00025222 100 $a20161109b19522000km-y0itaa50------ba 101 0 $afre 102 $aFR 110 $aauu-------- 200 1 $aAnnales de zootechnie 207 1$a1952-2000 210 $aParis$cElsevier;EDP sciences;Institut national de la recherche agronomique 326 $aTrimestrale 440 0$12001$aAnimal research 452 0$12001$aAnnales de zootechnie (Online) 530 0 $aAnnales de zootechnie 675 $a636 675 $a061.6 675 $a06.05 676 $a636 676 $a630.259 9705 676 $a636.081 05 712 02$aInstitut national de la recherche agronomique$c 801 0$aIT$bACNP$c20090723 859 4 $uhttp://acnp.cib.unibo.it/cgi-ser/start/it/cnr/dc-p1.tcl?catno=15741&person=false&language=ITALIANO&libr=&libr_th=unina1$zBiblioteche che possiedono il periodico 901 $aSE 912 $a990008895480403321 958 $aBiblioteca. Dipartimento di Scienze del Suolo, della Pianta, dell'Ambiente e della Produzioni Animali -Sez. Scienze zootecniche$b1955-1997;$c1992-1997;$fDAGSZ 958 $aBiblioteca Centralizzata. Facoltà di Agraria dell'Università Federico II di Napoli$b1967-1992;$fFAGBC 958 $aBiblioteca. Dipartimento di Scienze Zootecniche ed Ispezione degli Alimenti dell'Università Federico II. Sezione Beniamino Ferrara$b1955-2000.$fDMVBF 959 $aDAGSZ 959 $aFAGBC 959 $aDMVBF 996 $aAnnales de zootechnie$9801379 997 $aUNINA AP1 8 $6866-01$aNA085 Biblioteca. Dipartimento di Scienze del Suolo, della Pianta, dell'Ambiente e della Produzioni Animali -Sez. Scienze zootecniche$ev. Università,100, 80055 Portici (NA)$m08125.39322$nit AP1 8 $6866-02$aNA087 Biblioteca Centralizzata. Facoltà di Agraria dell'Università Federico II di Napoli$ev. Università, 100 Palazzo Reale, 80055 Portici (NA)$m081-2539322$m081-7760229$nit AP1 8 $6866-03$aNA096 Biblioteca. Dipartimento di Scienze Zootecniche ed Ispezione degli Alimenti dell'Università Federico II. Sezione Beniamino Ferrara$ev. Delpino,1, Napoli (NA)$m081 4421929/11$nit AP2 40$aacnp.cib.unibo.it$nACNP Italian Union Catalogue of Serials$uhttp://acnp.cib.unibo.it/cgi-ser/start/it/cnr/df-p.tcl?catno=15741&language=ITALIANO&libr=&person=&B=1&libr_th=unina&proposto=NO